000 00472nam a2200169 i 4500
001 135607
003 ES-MaACL
005 20230906194921.0
007 t|
008 070720s1972 xxu ||||1| spa d
080 _a860(729.1)-14"19"
100 1 _aTorre, Rogelio A. de la.
_9110756
245 1 0 _aGotas de presente /
_cRogelio A. de la Torre.
260 _aMiami (Florida) :
_bUniversal,
_c[1972]
300 _a76 p. ;
_c21 cm.
852 _aES-MaACL
_jC-48868
_bR.82933
999 _c135607
_d135607